Geology of the Los Angeles Basin, California : -an introduction /

Bibliographic Details
Corporate Author: Geological Survey (U.S.)
Other Authors: Yerkes, R. F., 1923-
Format: Government Document Book
Language:English
Published: Washington : U.S. G.P.O., 1965.
Series:Geology of the eastern Los Angeles basin, southern California.
Geological Survey professional paper ; 420-A.
Subjects:

MARC

Tag First Indicator Second Indicator Subfields
LEADER 00000cam a22000001 4500
001 in00002784300
005 20151202171840.0
008 901005s1965 dcuab b f000 0 eng
010 |a  75605528  
035 |a (OCoLC)ocm03621843 
035 |a (OCoLC)3621843 
040 |a DLC  |c DLC  |d IAS  |d OCLCQ  |d BTCTA  |d OCLCG  |d OCLCQ  |d UtOrBLW 
043 |a n-us-ca 
049 |a TXAM 
050 0 0 |a QE75  |b .P9 no. 420-A 
082 0 0 |a 550/.8 s 
086 0 |a I 19.16:420-A 
110 2 |a Geological Survey (U.S.) 
245 1 0 |a Geology of the Los Angeles Basin, California :  |b -an introduction /  |c by R.F. Yerkes [and others]. 
264 1 |a Washington :  |b U.S. G.P.O.,  |c 1965. 
300 |a vi, 57 pages :  |b illustrations, maps. ;  |c 29 cm. 
336 |a text  |b txt  |2 rdacontent 
337 |a unmediated  |b n  |2 rdamedia 
338 |a volume  |b nc  |2 rdacarrier 
490 1 |a Geology of the eastern Los Angeles Basin (Southern California) 
490 1 |a Geological Survey professional paper ;  |v 420-A 
500 |a Part of illustrative matter fold. in pocket. 
504 |a Bibliography: pages 55-57. 
650 0 |a Geology  |z California, Southern. 
700 1 |a Yerkes, R. F.,  |d 1923- 
830 0 |a Geology of the eastern Los Angeles basin, southern California. 
830 0 |a Geological Survey professional paper ;  |v 420-A. 
948 |a cataloged  |b h  |c 2012/12/13  |d c  |e mvaldespin  |f 02:38:03 pm 
994 |a C0  |b TXA 
999 |a MARS 
999 f f |s 66813892-5e02-3d6d-bf6a-ce79b1b00957  |i 7ffd738c-e2dd-3e31-92de-621732d0a28e  |t 0 
952 f f |p normal  |a Texas A&M University  |b College Station  |c Sterling C. Evans Library  |d Evans: US Documents (Annex 5th floor)  |t 0  |e I 19.16:417F-421B  |h Superintendent of Documents classification  |i unmediated -- volume  |m A14837790049 
952 f f |a Texas A&M University  |b College Station  |c Sterling C. Evans Library  |d Evans: US Documents (Annex 5th floor)  |t 0  |e I 19.16:417F-421B  |h Superintendent of Documents classification 
998 f f |a I 19.16:417F-421B  |t 0  |l Evans: US Documents (Annex 5th floor)